[Event "Aimchess Rapid Div 3 W"]
[Site "chess.com INT"]
[Date "2023.07.10"]
[Round "1.2"]
[White "Alonso Rosell, Alvar"]
[Black "Mamedov, Rauf"]
[Result "0-1"]
[WhiteTitle "GM"]
[BlackTitle "GM"]
[WhiteElo "2570"]
[BlackElo "2636"]
[WhiteFideId "2270544"]
[BlackFideId "13401653"]
[EventDate "2023.07.10"]
[EventType "k.o."]

1. d4 d5 2. c4 c6 3. Nf3 Nf6 4. Nc3 dxc4 5. a4 Bf5 6. Ne5 Nbd7 7. Nxc4 Qc7 8. g3
e5 9. dxe5 Nxe5 10. Bf4 Nfd7 11. Bg2 g5 12. Ne3 gxf4 13. Nxf5 O-O-O 14. Qc2 Nc5
15. O-O fxg3 16. hxg3 a5 17. Rad1 h5 18. Rxd8+ Qxd8 19. Rd1 Qf6 20. Ne4 Nxe4 21.
Qxe4 Bc5 22. e3 Ng6 23. Rc1 Bb4 24. Nd4 Ne7 25. Nc2 Nd5 26. Nxb4 Nxb4 27. Rc5
Rd8 28. Rxa5 Nd5 29. Ra8+ Kc7 30. Rxd8 Kxd8 31. Qd3 Ke7 32. Bxd5 cxd5 33. Qxd5
Qxb2 34. Kg2 Qb4 35. a5 h4 36. Qg5+ f6 37. Qxh4 Qxa5 38. Qh7+ Kf8 39. Qxb7 Qc5
40. g4 Qc4 41. Kg3 Qf1 42. Qb2 Kf7 43. Qa2+ Kg7 44. Kf4 Qb5 45. Qe6 Qe2 46. Qe7+
Kg6 47. Qe4+ Kg7 48. Qb7+ Kg6 49. Qf3 Qf1 50. Qe4+ Kg7 51. Qb7+ Kg6 52. Qf3 Qg1
53. e4 Qc1+ 54. Kg3 Qg1+ 55. Kh3 Kg7 56. Qg2 Qc1 57. Kg3 Qd2 58. Qf3 Qc1 59. Kg2
Qc5 60. Qf5 Qe7 61. Kg3 Qc7+ 62. Kh3 Qe7 63. Kg2 Kh6 64. Kh3 Kg7 65. Kh4 Qc7 66.
e5 fxe5 67. Kh5 Qd6 68. Qg5+ Kh7 69. f3 e4 70. fxe4 Qh2+ 71. Qh4 Qe5+ 72. g5 Kg7
73. Qe1 Qh2+ 74. Kg4 Kg6 75. Qh4 Qg2+ 76. Kf4 Qd2+ 77. Ke5 Qa5+ 78. Ke6 Qb6+ 0-1

[Event "Aimchess Rapid Div 3 W"]
[Site "chess.com INT"]
[Date "2023.07.10"]
[Round "1.2"]
[White "Durarbayli, Vasif"]
[Black "Yilmaz, Mustafa"]
[Result "1-0"]
[WhiteTitle "GM"]
[BlackTitle "GM"]
[WhiteElo "2631"]
[BlackElo "2639"]
[WhiteFideId "13402935"]
[BlackFideId "6302718"]
[EventDate "2023.07.10"]
[EventType "k.o."]

1. e4 c5 2. Nf3 e6 3. d4 cxd4 4. Nxd4 Nc6 5. Nc3 Qc7 6. g3 a6 7. Bg2 Nf6 8. O-O
Nxd4 9. Qxd4 Bc5 10. Qd3 Ng4 11. Bf4 Ne5 12. Qe2 d6 13. Rad1 b5 14. Kh1 Bb7 15.
Bc1 h5 16. h3 Qb6 17. a4 b4 18. Nb1 a5 19. c4 O-O-O 20. Nd2 Bc6 21. b3 Qb7 22.
Nb1 Qa7 23. Rde1 Rdg8 24. f4 Ng4 25. Bf3 Bf2 26. Kg2 Bxe1 27. Rxe1 Nf6 28. e5
Bxf3+ 29. Qxf3 dxe5 30. Rxe5 Nd7 31. Rb5 Kc7 32. Nd2 Rb8 33. Bb2 f6 34. f5 e5
35. Rd5 Rbd8 36. Ne4 Nb6 37. Rc5+ Kb8 38. Rb5 Kc8 39. Bc1 Rd4 40. Be3 Rhd8 41.
c5 Rxe4 42. Qxe4 Nd5 43. Bf2 Qa6 44. c6 Nc3 45. Qc4 Nxb5 46. axb5 Qa8 47. Qe6+
Kb8 48. b6 Qa6 49. c7+ 1-0

[Event "Aimchess Rapid Div 3 W"]
[Site "chess.com INT"]
[Date "2023.07.10"]
[Round "1.1"]
[White "Grischuk, Alexander"]
[Black "Alekseev, Evgeny"]
[Result "1-0"]
[WhiteTitle "GM"]
[BlackTitle "GM"]
[WhiteElo "2736"]
[BlackElo "2563"]
[WhiteFideId "4126025"]
[BlackFideId "4138147"]
[EventDate "2023.07.10"]
[EventType "k.o."]

1. d4 Nf6 2. c4 e6 3. Nc3 d5 4. cxd5 exd5 5. Bg5 c6 6. e3 Be7 7. Bd3 Nbd7 8. Nf3
O-O 9. Qc2 Re8 10. O-O Nf8 11. h3 g6 12. Bh6 Ne6 13. Ne5 Ng7 14. g4 Nd7 15. f4
Bf8 16. Qf2 f6 17. Nf3 Nb6 18. Rae1 Be6 19. Re2 Bf7 20. Rfe1 Kh8 21. Kh1 Qc7 22.
Qh4 Nd7 23. Rg1 b5 24. f5 gxf5 25. gxf5 Nh5 26. Bxf8 Rxf8 27. Reg2 Rae8 28. Nd1
Rg8 29. Rg6 Ng7 30. Qh6 1-0

[Event "Aimchess Rapid Div 3 W"]
[Site "chess.com INT"]
[Date "2023.07.10"]
[Round "1.2"]
[White "Alekseev, Evgeny"]
[Black "Grischuk, Alexander"]
[Result "1/2-1/2"]
[WhiteTitle "GM"]
[BlackTitle "GM"]
[WhiteElo "2563"]
[BlackElo "2736"]
[WhiteFideId "4138147"]
[BlackFideId "4126025"]
[EventDate "2023.07.10"]
[EventType "k.o."]

1. e4 c5 2. Nf3 d6 3. Bb5+ Nd7 4. d4 cxd4 5. Qxd4 a6 6. Be2 Ngf6 7. O-O e5 8.
Qe3 Nc5 9. Nfd2 h5 10. c4 g6 11. f3 Bh6 12. Qf2 h4 13. Nc3 Nh5 14. Nb3 Ne6 15.
Rd1 Bxc1 16. Raxc1 Nef4 17. Nd5 Qg5 18. Nxf4 Nxf4 19. Kh1 Qe7 20. Bf1 O-O 21.
Qb6 Rd8 22. Rd2 Be6 23. Rcd1 Qg5 24. Rxd6 Rxd6 25. Qxd6 Bxc4 26. Qd2 Bxf1 27.
Rxf1 Rd8 28. Qc2 Kg7 29. Qf2 Nd3 30. Qe2 Nf4 31. Qf2 Nd3 32. Qe2 Nf4 33. Qf2 1/2-1/2

[Event "Aimchess Rapid Div 3 W"]
[Site "chess.com INT"]
[Date "2023.07.10"]
[Round "1.1"]
[White "Samadov, Read"]
[Black "Guseinov, Gadir"]
[Result "1-0"]
[WhiteTitle "IM"]
[BlackTitle "GM"]
[WhiteElo "2482"]
[BlackElo "2661"]
[WhiteFideId "13417444"]
[BlackFideId "13401378"]
[EventDate "2023.07.10"]
[EventType "k.o."]

1. d4 Nf6 2. c4 g6 3. Nc3 Bg7 4. e4 d6 5. Be2 O-O 6. Be3 Na6 7. Nf3 c6 8. O-O e5
9. dxe5 dxe5 10. Qxd8 Rxd8 11. h3 Nh5 12. Rfd1 Re8 13. c5 Nf4 14. Bxa6 bxa6 15.
Rd6 Rb8 16. Rxc6 Rxb2 17. Rd1 Ne6 18. Nd5 Bb7 19. Rd6 Rc2 20. Rd7 Bxd5 21. exd5
Nd4 22. c6 Nf5 23. Bxa7 Bf8 24. Ng5 Nd6 25. Be3 h6 26. Nf3 Nb5 27. Rc1 Rxc1+ 28.
Bxc1 e4 29. Ne1 g5 30. Be3 Rc8 31. Nc2 f5 32. g3 Bg7 33. Bb6 Be5 34. Ne3 1-0

[Event "Aimchess Rapid Div 3 W"]
[Site "chess.com INT"]
[Date "2023.07.10"]
[Round "1.2"]
[White "Guseinov, Gadir"]
[Black "Samadov, Read"]
[Result "0-1"]
[WhiteTitle "GM"]
[BlackTitle "IM"]
[WhiteElo "2661"]
[BlackElo "2482"]
[WhiteFideId "13401378"]
[BlackFideId "13417444"]
[EventDate "2023.07.10"]
[EventType "k.o."]

1. e4 c6 2. d4 d5 3. Nd2 dxe4 4. Nxe4 Bf5 5. Ng3 Bg6 6. h4 h6 7. Nf3 e6 8. Ne5
Bh7 9. Bd3 Bxd3 10. Qxd3 Nd7 11. Bf4 Nxe5 12. Bxe5 Qa5+ 13. c3 Nf6 14. O-O Ng4
15. Rad1 O-O-O 16. Qf3 Nxe5 17. dxe5 Rxd1 18. Rxd1 Qxe5 19. Qxf7 Bc5 20. Qg6 Rd8
21. Rxd8+ Kxd8 22. Ne4 Be7 23. h5 b5 24. f3 a5 25. b3 b4 26. cxb4 axb4 27. g3
Qa1+ 28. Kg2 Qxa2+ 29. Kh3 Qxb3 0-1

[Event "Aimchess Rapid Div 3 W"]
[Site "chess.com INT"]
[Date "2023.07.10"]
[Round "1.1"]
[White "Yu, Yangyi"]
[Black "Andreikin, Dmitry"]
[Result "1/2-1/2"]
[WhiteTitle "GM"]
[BlackTitle "GM"]
[WhiteElo "2735"]
[BlackElo "2729"]
[WhiteFideId "8603820"]
[BlackFideId "4158814"]
[EventDate "2023.07.10"]
[EventType "k.o."]

1. c4 e5 2. g3 Nc6 3. Bg2 g6 4. Nc3 Bg7 5. Rb1 f5 6. b4 Nf6 7. d3 O-O 8. e3 d6
9. Nge2 Kh8 10. O-O g5 11. f4 gxf4 12. exf4 Qe8 13. b5 Ne7 14. Qd2 Ng6 15. Bb2
a6 16. a4 axb5 17. cxb5 Rg8 18. Rbe1 Qf7 19. Kh1 c6 20. Ba3 Rd8 21. bxc6 bxc6
22. Rb1 d5 23. fxe5 Nxe5 24. Nd4 Qh5 25. Rbe1 Nfg4 26. h3 Bd7 27. Bc5 Re8 28.
Qd1 Rab8 29. Kg1 Rb2 30. Ba3 Rxg2+ 31. Kxg2 f4 32. Rxf4 Rg8 33. Bd6 Ne3+ 34.
Rxe3 Qxh3+ 35. Kg1 Ng4 36. Qe2 c5 37. Bxc5 Be5 38. Rxg4 Rxg4 39. Qh2 Qxh2+ 40.
Kxh2 Bxd4 41. Bxd4+ Rxd4 42. a5 Rb4 43. Nxd5 Ra4 44. Nf6 Ra2+ 45. Kg1 Bf5 46.
Re5 Bxd3 47. Rd5 Bc4 48. Rc5 Bd3 49. Rg5 Bg6 50. Rc5 Kg7 51. Nd7 Be4 52. Kf1 Ra3
53. Re5 Bc6 54. Nb8 Ba8 55. g4 h6 56. g5 h5 57. Nd7 h4 58. Nb6 h3 59. Kg1 Bc6
60. Re7+ Kf8 61. Re6 Bb7 62. Rh6 Rxa5 63. Rxh3 Rxg5+ 64. Kf2 Rb5 65. Nc4 Kg7 66.
Rg3+ Kf6 67. Rc3 Rb1 68. Ke3 Bd5 69. Nd2 Rh1 70. Kd4 Be6 71. Ne4+ Ke7 72. Rc7+
Bd7 73. Ra7 Rd1+ 74. Ke5 Re1 75. Kd5 Rd1+ 76. Ke5 Re1 77. Kd5 Rd1+ 78. Ke5 1/2-1/2

[Event "Aimchess Rapid Div 3 W"]
[Site "chess.com INT"]
[Date "2023.07.10"]
[Round "1.2"]
[White "Andreikin, Dmitry"]
[Black "Yu, Yangyi"]
[Result "0-1"]
[WhiteTitle "GM"]
[BlackTitle "GM"]
[WhiteElo "2729"]
[BlackElo "2735"]
[WhiteFideId "4158814"]
[BlackFideId "8603820"]
[EventDate "2023.07.10"]
[EventType "k.o."]

1. e4 e5 2. Nf3 Nf6 3. d4 Nxe4 4. Bd3 d5 5. Nxe5 Nd7 6. Nc3 Nxe5 7. dxe5 Nxc3 8.
bxc3 Bc5 9. O-O Be6 10. Rb1 Qd7 11. Qe2 b6 12. Be3 O-O 13. Qh5 g6 14. Qh6 Bxe3
15. fxe3 c5 16. Rf4 c4 17. Be2 Qc7 18. Rh4 f6 19. exf6 Rxf6 20. Bf3 Raf8 21. Qg5
Rf5 22. Qg3 Qxg3 23. hxg3 Re5 24. Re1 Kg7 25. Rd4 Rc8 26. Kf2 Rc5 27. e4 dxe4
28. Rdxe4 Rxe4 29. Rxe4 Kf6 30. Rf4+ Kg5 31. Ke3 Ra5 32. Re4 Bf5 33. Rxc4 Rxa2
34. g4 Bxc2 35. Rc7 h6 36. c4 Ra3+ 37. Kd2 Bb1 38. Kc1 Bd3 39. c5 bxc5 40. Rxc5+
Kf4 41. Kd2 g5 42. Rc6 Kg3 43. Rxh6 Bf1 44. Rh3+ Kf2 45. Rh5 Ra5 46. Be4 Be2 47.
Rh7 Bxg4 48. Rf7+ Kg3 49. Rg7 Be6 50. Ke3 g4 51. Re7 Bd5 52. Bd3 Bxg2 53. Rg7
Ra3 54. Kd4 Bf3 55. Bf5 a5 56. Bd7 Kf2 57. Bxg4 Bxg4 58. Kc5 Bd1 59. Rd7 Ke1 60.
Kc4 Be2+ 61. Kc5 Rc3+ 62. Kb6 a4 63. Ra7 a3 64. Ka5 Bd1 65. Kb4 Rb3+ 66. Kc4 Bc2
67. Rd7 Rg3 68. Kb4 a2 69. Ra7 Bb1 70. Kc4 Kd1 71. Kb4 Kc1 0-1

[Event "Aimchess Rapid Div 3 W"]
[Site "chess.com INT"]
[Date "2023.07.10"]
[Round "1.1"]
[White "Smirnov, Pavel"]
[Black "Mishra, Abhimanyu"]
[Result "1/2-1/2"]
[WhiteTitle "GM"]
[BlackTitle "GM"]
[WhiteElo "2538"]
[BlackElo "2591"]
[WhiteFideId "4123425"]
[BlackFideId "30920019"]
[EventDate "2023.07.10"]
[EventType "k.o."]

1. d4 d5 2. c4 c6 3. Nf3 Nf6 4. e3 e6 5. Bd3 dxc4 6. Bxc4 Nbd7 7. O-O Bd6 8. Nc3
b5 9. Bd3 O-O 10. b3 a6 11. a4 Bb7 12. Bb2 Qe7 13. Rc1 Rac8 14. Ne4 1/2-1/2

[Event "Aimchess Rapid Div 3 W"]
[Site "chess.com INT"]
[Date "2023.07.10"]
[Round "1.2"]
[White "Mishra, Abhimanyu"]
[Black "Smirnov, Pavel"]
[Result "1/2-1/2"]
[WhiteTitle "GM"]
[BlackTitle "GM"]
[WhiteElo "2591"]
[BlackElo "2538"]
[WhiteFideId "30920019"]
[BlackFideId "4123425"]
[EventDate "2023.07.10"]
[EventType "k.o."]

1. d4 Nf6 2. c4 e6 3. Nf3 d5 4. g3 Be7 5. Bg2 O-O 6. O-O c6 7. Qc2 b6 8. Ne5 Bb7
9. Nc3 Nfd7 10. Rd1 Nxe5 11. dxe5 Qc7 12. cxd5 cxd5 13. e4 d4 14. Rxd4 Nc6 15.
Rc4 Bc5 16. Nb5 Qd7 17. Bf4 Nb4 18. Rxb4 Bxb4 19. Nd6 Bc5 20. Rd1 Rad8 21. Rd2
Qc6 22. Qd1 Rd7 23. a3 a5 24. Qg4 Bxd6 25. exd6 Qc1+ 26. Rd1 Qxb2 27. e5 Bxg2
28. Kxg2 Qc2 29. Qf3 Qf5 30. h4 f6 31. Qe3 fxe5 32. Bxe5 b5 33. Rc1 b4 34. axb4
axb4 35. Rc7 Rxc7 36. dxc7 b3 37. Qd4 Qf3+ 38. Kg1 Qd5 39. Qc3 Qd1+ 40. Kg2 Qc2
41. Qe3 Qc6+ 42. Kh2 b2 43. Bxb2 Qxc7 44. Qxe6+ Qf7 45. Qxf7+ Kxf7 46. Kg2 Rc8
47. Bd4 Rc2 48. Be3 Ke6 49. Bd4 g6 50. Be3 Kf5 51. Ba7 Rc4 52. Be3 Ra4 53. Bh6
Ra3 54. Bg5 Ke4 55. Bf4 Ra2 56. Be3 Re2 57. Ba7 Ra2 58. Bb6 Rb2 59. Ba7 Rb5 60.
Be3 Rf5 61. Ba7 Kd3 62. Bb6 Ke2 63. Ba7 h6 64. Bd4 g5 65. hxg5 hxg5 66. Be3 g4
67. Ba7 Rf3 68. Bc5 Rd3 69. Ba7 Rb3 70. Bc5 Rb5 71. Ba7 Rf5 72. Bd4 Rf3 73. Bb6
Kd3 1/2-1/2

[Event "Aimchess Rapid Div 3 W"]
[Site "chess.com INT"]
[Date "2023.07.10"]
[Round "1.3"]
[White "Mishra, Abhimanyu"]
[Black "Smirnov, Pavel"]
[Result "0-1"]
[WhiteTitle "GM"]
[BlackTitle "GM"]
[WhiteElo "2591"]
[BlackElo "2538"]
[WhiteFideId "30920019"]
[BlackFideId "4123425"]
[EventDate "2023.07.10"]
[EventType "k.o."]

1. d4 Nf6 2. c4 e6 3. Nf3 d5 4. g3 Be7 5. Bg2 O-O 6. O-O dxc4 7. Qc2 a6 8. a4
Bd7 9. Qxc4 Bc6 10. Bg5 Nbd7 11. Nc3 h6 12. Bxf6 Nxf6 13. Rfd1 Qd6 14. a5 Rfd8
15. Ne5 Bxg2 16. Kxg2 c5 17. Qxc5 Qxc5 18. dxc5 Bxc5 19. Na4 Bd6 20. Nc4 Bb4 21.
Nab6 Rab8 22. Kf3 g5 23. g4 Kf8 24. h3 Ke7 25. e3 Kf8 26. e4 Bc5 27. e5 Nd5 28.
Ke4 Nxb6 29. Nxb6 Ke7 30. Rxd8 Rxd8 31. Rc1 Rd4+ 32. Kf3 Rf4+ 33. Ke2 Rxf2+ 34.
Kd3 Bxb6 35. axb6 Rxb2 36. Rc7+ Kf8 37. Rxb7 Rb5 38. Kc4 Kg7 39. Rb8 Kh7 40. Kd4
Kg7 41. Ke4 Kh7 42. Kd3 Kg7 43. Kc3 Kh7 44. Kd4 Kg7 45. Kc4 Kh7 46. Rb7 Kg7 47.
Kd4 Kg8 48. Kc3 Kg7 49. Kd3 Kg8 50. Ke4 Kg7 51. Kf3 Kg8 52. Ke4 Kg7 53. Rb8 Kh7
54. b7 Kg7 55. Kd4 Kh7 56. Kc4 Kg7 57. Ra8 Rxb7 58. Rxa6 Rb1 59. Ra3 Rd1 60. Rf3
Rd5 61. Re3 Kg6 62. Kc3 Kg7 63. Kc4 Kg6 64. Re1 Kg7 65. Re4 Kg6 66. Re2 Kg7 67.
Rb2 Rxe5 68. Kd4 Re1 69. Rb3 f5 70. gxf5 exf5 71. Rb7+ Kg6 72. Rb6+ Kh5 73. Rf6
f4 74. Kd3 Re3+ 75. Kd4 Rxh3 76. Ke4 Re3+ 77. Kf5 f3 78. Rd6 f2 79. Rxh6+ Kxh6
80. Kg4 Re1 81. Kf5 f1=Q+ 82. Kg4 Qf4+ 0-1

[Event "Aimchess Rapid Div 3 W"]
[Site "chess.com INT"]
[Date "2023.07.10"]
[Round "1.1"]
[White "Perez Ponsa, Federico"]
[Black "Pichot, Alan"]
[Result "1/2-1/2"]
[WhiteTitle "GM"]
[BlackTitle "GM"]
[WhiteElo "2527"]
[BlackElo "2633"]
[WhiteFideId "117927"]
[BlackFideId "110973"]
[EventDate "2023.07.10"]
[EventType "k.o."]

1. e4 e5 2. Nf3 Nc6 3. d4 exd4 4. Nxd4 Nf6 5. Nxc6 bxc6 6. Bd3 d5 7. exd5 cxd5
8. O-O Be7 9. c4 d4 10. Nd2 O-O 11. Ne4 Bb7 12. Nxf6+ Bxf6 13. b4 Qd7 14. Bf4
Rfe8 15. Qc2 g6 16. Rae1 a6 17. a4 Qc6 18. f3 Qd7 19. b5 c5 20. Qd2 axb5 21.
axb5 h5 22. Rxe8+ Qxe8 23. Re1 Qd8 24. h3 Ra3 25. Kh2 Kg7 26. Bh6+ Kh7 27. Bf4
Kg7 28. Bh6+ Kh7 29. Bf4 Kg7 1/2-1/2

[Event "Aimchess Rapid Div 3 W"]
[Site "chess.com INT"]
[Date "2023.07.10"]
[Round "1.2"]
[White "Pichot, Alan"]
[Black "Perez Ponsa, Federico"]
[Result "1/2-1/2"]
[WhiteTitle "GM"]
[BlackTitle "GM"]
[WhiteElo "2633"]
[BlackElo "2527"]
[WhiteFideId "110973"]
[BlackFideId "117927"]
[EventDate "2023.07.10"]
[EventType "k.o."]

1. e4 c6 2. d4 d5 3. e5 Bf5 4. Nd2 e6 5. Nb3 c5 6. Bb5+ Nc6 7. dxc5 Bxc5 8.
Bxc6+ bxc6 9. Nxc5 Qa5+ 10. c3 Qxc5 11. Ne2 Ne7 12. O-O a5 13. Be3 Qc4 14. b3
Qd3 15. Bc5 Ng6 16. Bd6 f6 17. exf6 gxf6 18. Nd4 e5 19. Qh5 Bd7 20. Rad1 Qe4 21.
Rfe1 Qg4 22. Qxg4 Bxg4 23. f3 Bd7 24. c4 Kf7 25. Ne2 d4 26. f4 Bg4 27. fxe5 fxe5
28. Rd2 Rhe8 29. Ng3 a4 30. h3 Bd7 31. Ne4 axb3 32. axb3 Kg7 33. Nc5 Bf5 34. Rf2
Rad8 35. Bc7 Rc8 36. Bb6 Nf4 37. Kh2 Bg6 38. Rf3 Nh5 39. Nd7 c5 40. Rxe5 Rxe5
41. Nxe5 Nf6 42. Rf1 Ne4 43. Nd3 Rc6 44. Ba7 Rc7 45. Bb8 Rb7 46. Be5+ Kg8 47.
Nc1 Nd2 48. Rf2 Nxb3 49. Rb2 Na5 50. Rxb7 Nxb7 51. Kg3 Bf7 52. Bc7 Bxc4 53. Bb6
Kf7 54. Kf3 Ke6 55. Ke4 Nd6+ 56. Kf4 Kd5 57. g4 Nc8 58. Ba5 Ne7 59. h4 Ng6+ 60.
Kg5 Ke4 61. h5 Ne5 62. Kh6 Nxg4+ 63. Kxh7 Kf5 64. Bb6 Nf6+ 65. Kg7 Nxh5+ 66. Kh6
Nf6 67. Bxc5 Ng4+ 68. Kg7 d3 69. Nxd3 Bxd3 70. Bd4 Bc4 71. Bc5 Nf6 72. Bd4 Nh5+
73. Kf8 Nf4 74. Ke7 Ke4 75. Ba1 Kd5 76. Kf6 Ne6 77. Bb2 Nc5 78. Ba1 1/2-1/2

[Event "Aimchess Rapid Div 3 W"]
[Site "chess.com INT"]
[Date "2023.07.10"]
[Round "1.3"]
[White "Perez Ponsa, Federico"]
[Black "Pichot, Alan"]
[Result "0-1"]
[WhiteTitle "GM"]
[BlackTitle "GM"]
[WhiteElo "2527"]
[BlackElo "2633"]
[WhiteFideId "117927"]
[BlackFideId "110973"]
[EventDate "2023.07.10"]
[EventType "k.o."]

1. e4 e5 2. Nf3 Nc6 3. d4 exd4 4. Nxd4 Nf6 5. Nxc6 bxc6 6. Bd3 d5 7. exd5 cxd5
8. O-O Be7 9. c4 O-O 10. Nc3 Bb7 11. Qb3 Rb8 12. cxd5 Nxd5 13. Rd1 Ba8 14. Qc2
h6 15. Nxd5 Bxd5 16. Bf4 Rb4 17. Bg3 Bf6 18. Rab1 Qa8 19. a3 Bb3 20. Qc5 Rd4 21.
Bh7+ Kxh7 22. Rxd4 Bxd4 23. Qxd4 Rd8 24. Qe3 Qd5 25. h3 Qd3 26. Re1 Qxe3 27.
Rxe3 Be6 28. Rc3 Rd1+ 29. Kh2 Rb1 30. Rxc7 Rxb2 31. Rxa7 Ra2 32. a4 h5 33. a5
Kg6 34. h4 Kf5 35. a6 Kg6 36. Ra8 Bd5 37. Rd8 Bc4 38. Rd6+ f6 39. Rd7 Rxa6 40.
Bd6 Be6 41. Rd8 Ra2 42. Kg3 Rd2 43. f3 Bc4 44. Kf4 Rxg2 45. Rc8 Be6 46. Rc7 Rd2
47. Bf8 Rd7 48. Rc1 Rd4+ 49. Kg3 Kf7 50. Ba3 g5 51. hxg5 fxg5 52. Bb2 h4+ 0-1

[Event "Aimchess Rapid Div 3 W"]
[Site "chess.com INT"]
[Date "2023.07.10"]
[Round "2.1"]
[White "Dominguez Perez, Leinier"]
[Black "Meier, Georg"]
[Result "1-0"]
[WhiteTitle "GM"]
[BlackTitle "GM"]
[WhiteElo "2739"]
[BlackElo "2629"]
[WhiteFideId "3503240"]
[BlackFideId "4675789"]
[EventDate "2023.07.10"]
[EventType "k.o."]

1. e4 e6 2. d4 d5 3. Nc3 dxe4 4. Nxe4 Nd7 5. Nf3 Ngf6 6. Nxf6+ Nxf6 7. c3 Be7 8.
Bf4 O-O 9. Bd3 b6 10. Qe2 Bb7 11. O-O-O a6 12. h4 b5 13. h5 Bd5 14. Ne5 Nd7 15.
Rh3 Bg5 16. Qg4 Nxe5 17. dxe5 Bxf4+ 18. Qxf4 f5 19. h6 g6 20. Bc2 Qe7 21. Rhd3
c6 22. Bb3 a5 23. Bxd5 cxd5 24. Kb1 Rfc8 25. Rd4 Rab8 26. g3 Rc7 27. f3 Rbc8 28.
a3 Rc4 29. Qe3 Qc5 30. Qg5 Rf8 31. Qd2 Rf7 32. Ka2 a4 33. Kb1 Kf8 34. Qg5 Ke8
35. Qd2 Kd7 36. Qg5 Kc7 37. Qd2 Kb7 38. Qe3 Rc7 39. R1d3 Qe7 40. Qd2 g5 41. Qe3
Rc8 42. Rd1 Rg8 43. Rh1 Rg6 44. Qd2 Kc6 45. Rh5 Qd8 46. Ka2 Qg8 47. Qd1 g4 48.
Rxc4+ bxc4 49. Qxa4+ Kb7 50. Qd7+ Kb6 51. Qd6+ Kb7 52. Qd7+ Kb6 53. f4 Ka6 54.
Qc6+ Ka7 55. Qc7+ Ka6 56. Qd6+ Ka7 57. Qe7+ Ka6 58. Rg5 Rxg5 59. Qxg5 Qb8 60.
Kb1 Qb3 61. Kc1 d4 62. Qe7 dxc3 63. Qxe6+ Ka7 64. Qd7+ Kb8 65. Qd8+ Kb7 66. Qe7+
Ka8 67. Qf8+ Ka7 68. Qc5+ Ka6 69. Qd6+ Kb7 70. Qb4+ 1-0

[Event "Aimchess Rapid Div 3 W"]
[Site "chess.com INT"]
[Date "2023.07.10"]
[Round "2.2"]
[White "Meier, Georg"]
[Black "Dominguez Perez, Leinier"]
[Result "1-0"]
[WhiteTitle "GM"]
[BlackTitle "GM"]
[WhiteElo "2629"]
[BlackElo "2739"]
[WhiteFideId "4675789"]
[BlackFideId "3503240"]
[EventDate "2023.07.10"]
[EventType "k.o."]

1. Nf3 d5 2. g3 c5 3. Bg2 Nc6 4. d4 Nf6 5. O-O e6 6. c4 dxc4 7. dxc5 Qxd1 8.
Rxd1 Bxc5 9. Nfd2 Na5 10. Na3 Bxa3 11. bxa3 Bd7 12. Bb2 Rc8 13. Rdc1 b6 14. Bc3
Nd5 15. Bxg7 Rg8 16. Bd4 Ke7 17. e4 Nc6 18. Rxc4 Nxd4 19. Rxd4 Nc3 20. Bf1 Rgd8
21. e5 Bb5 22. Nb3 Bxf1 23. Kxf1 Rxd4 24. Nxd4 Nd5 25. Rd1 a6 26. Nf5+ Kf8 27.
Rd3 Rc1+ 28. Kg2 Rc3 29. Rxc3 Nxc3 30. Nd4 Nxa2 31. Kf3 b5 32. Ke3 Nc3 33. Nc2
Nd1+ 34. Ke2 Nb2 35. Ke3 Nd1+ 36. Kd4 Ke8 37. f4 a5 38. Kc5 b4 39. axb4 axb4 40.
Nxb4 Ne3 41. h3 h5 42. Nd3 Kf8 43. Nf2 1-0

[Event "Aimchess Rapid Div 3 W"]
[Site "chess.com INT"]
[Date "2023.07.10"]
[Round "2.3"]
[White "Dominguez Perez, Leinier"]
[Black "Meier, Georg"]
[Result "1-0"]
[WhiteTitle "GM"]
[BlackTitle "GM"]
[WhiteElo "2739"]
[BlackElo "2629"]
[WhiteFideId "3503240"]
[BlackFideId "4675789"]
[EventDate "2023.07.10"]
[EventType "k.o."]

1. e4 e6 2. d4 d5 3. Nc3 dxe4 4. Nxe4 Nd7 5. Nf3 Ngf6 6. Nxf6+ Nxf6 7. c3 Be7 8.
Bf4 O-O 9. Bd3 a6 10. Ne5 Qd5 11. O-O b5 12. Be2 Bb7 13. Bf3 Ne4 14. Re1 f5 15.
Nd3 Bd6 16. Qc1 a5 17. b3 Rae8 18. Qe3 Bxf4 19. Qxf4 Qd6 20. Qe3 Bd5 21. Bxe4
fxe4 22. Nc5 e5 23. Rad1 Qg6 24. dxe5 Rxe5 25. Nd7 Rff5 26. Nxe5 Rxe5 27. c4
bxc4 28. bxc4 Bc6 29. Rd8+ Kf7 30. Red1 Qe6 31. h3 h6 32. Qa7 Qxc4 33. Qxc7+ Re7
34. Qf4+ Kg6 35. R1d6+ Kh7 36. Qf5+ g6 37. Qxg6# 1-0

[Event "Aimchess Rapid Div 3 W"]
[Site "chess.com INT"]
[Date "2023.07.10"]
[Round "2.1"]
[White "Kramnik, Vladimir"]
[Black "Fressinet, Laurent"]
[Result "1/2-1/2"]
[WhiteTitle "GM"]
[BlackTitle "GM"]
[WhiteElo "2753"]
[BlackElo "2652"]
[WhiteFideId "4101588"]
[BlackFideId "608742"]
[EventDate "2023.07.10"]
[EventType "k.o."]

1. c4 e6 2. Nc3 d5 3. d4 Nf6 4. cxd5 exd5 5. Bg5 c6 6. e3 h6 7. Bh4 Bf5 8. Bd3
Bxd3 9. Qxd3 Nbd7 10. Nge2 Be7 11. f3 O-O 12. O-O Re8 13. Rad1 b5 14. Kh1 Rc8
15. Bf2 b4 16. Na4 Qa5 17. b3 c5 18. dxc5 Nxc5 19. Nxc5 Bxc5 20. Ng3 Qxa2 21.
Nf5 Bf8 22. Bh4 g5 23. Bg3 Qc2 24. Qxc2 Rxc2 25. Ra1 Bc5 26. h4 Kh7 27. Rfc1 Rc3
28. Be1 Rxc1 29. Rxc1 Bxe3 30. Rc6 Bb6 31. Bxb4 Re6 32. Rc8 g4 33. Rf8 gxf3 34.
gxf3 d4 35. Ne7 Kg7 36. Nf5+ Kg6 37. Ne7+ Kh5 38. Rxf7 d3 39. Rg7 a5 40. Bc3 Ne8
41. Nf5 Rc6 42. Ng3+ Kxh4 43. Nf5+ Kh5 44. Ng3+ Kh4 45. Nf5+ Kh5 46. Ng3+ Kh4 1/2-1/2

[Event "Aimchess Rapid Div 3 W"]
[Site "chess.com INT"]
[Date "2023.07.10"]
[Round "2.2"]
[White "Fressinet, Laurent"]
[Black "Kramnik, Vladimir"]
[Result "1-0"]
[WhiteTitle "GM"]
[BlackTitle "GM"]
[WhiteElo "2652"]
[BlackElo "2753"]
[WhiteFideId "608742"]
[BlackFideId "4101588"]
[EventDate "2023.07.10"]
[EventType "k.o."]

1. d4 Nf6 2. Nf3 e6 3. c4 Bb4+ 4. Bd2 Bxd2+ 5. Nbxd2 d6 6. g3 O-O 7. Bg2 Qe7 8.
Nf1 d5 9. Ne3 c6 10. O-O b6 11. Ne5 Bb7 12. Rc1 Rc8 13. Qa4 Na6 14. a3 g6 15.
N3g4 Nxg4 16. Nxg4 Nc7 17. Ne5 c5 18. dxc5 bxc5 19. Qd7 Kf8 20. Rfd1 Rab8 21.
Qa4 Kg7 22. Qxa7 Ne8 23. Nc6 Rxc6 24. Qxb8 Rc8 25. Qa7 Nf6 26. b4 cxb4 27. axb4
Ra8 28. Qc5 Qe8 29. cxd5 Bxd5 30. b5 Ra2 31. b6 Rxe2 32. Bxd5 exd5 33. b7 Qb8
34. Rb1 h5 35. Rf1 Re8 36. Qd4 Re4 37. Qb6 h4 38. Rfc1 hxg3 39. hxg3 Re2 40. Rb2
Re8 41. Kg2 d4 42. Qxd4 Re4 43. Rc8 Qxb7 44. Qxf6+ Kxf6 45. Rxb7 1-0